Sustainability (Record no. 81935)

MARC details
000 -LEADER
fixed length control field 00973cab a22002055a 4500
001 - CONTROL NUMBER
control field L148690
008 - FIXED-LENGTH DATA ELEMENTS--GENERAL INFORMATION
fixed length control field 091020e20091016xxkdo f 000 0 eng d
035 ## - SYSTEM CONTROL NUMBER
System control number (Sirsi) u148690
041 0# - LANGUAGE CODE
Language code of text/sound track or separate title eng
100 1# - MAIN ENTRY--PERSONAL NAME
Personal name Mulcahey, Hugh
245 00 - TITLE STATEMENT
Title Sustainability
Remainder of title the future of offices
260 ## - PUBLICATION, DISTRIBUTION, ETC.
Date of publication, distribution, etc. 2009
490 #0 - SERIES STATEMENT
Series statement Building
Volume/sequential designation 274 (8601) 16 October 2009, 54-55(2)
520 ## - SUMMARY, ETC.
Summary, etc. Analyses the changes needed in the way offices are used. Examines the issues involved when comparing low density occupation and high density occupation of green offices out of town and less environmental-friendly offices in an urban location. Concludes that proximity to transport links, especially fast rail ones, becomes a priority for the level of sustainability to be maintained.
590 ## - LOCAL NOTE (RLIN)
Local note KA
651 #4 - SUBJECT ADDED ENTRY--GEOGRAPHIC NAME
Geographic name United Kingdom
Chronological subdivision
690 ## - LOCAL SUBJECT ADDED ENTRY--TOPICAL TERM (OCLC, RLIN)
Topical term or geographic name as entry element ENVIRONMENTAL AND LAND CONSULTANCY-ENERGY-ENERGY USE-ENERGY EFFICIENCY
690 ## - LOCAL SUBJECT ADDED ENTRY--TOPICAL TERM (OCLC, RLIN)
Topical term or geographic name as entry element ENVIRONMENTAL AND LAND CONSULTANCY-SUSTAINABILITY
942 ## - ADDED ENTRY ELEMENTS (KOHA)
Suppress in OPAC 0
Holdings
Withdrawn status Lost status Source of classification or shelving scheme Damaged status Not for loan Home library Current library Shelving location Date acquired Total Checkouts Full call number Barcode Date last seen Copy number Price effective from Koha item type
    Dewey Decimal Classification     London London Journal article 20/10/2009   L148690 148690-1001 06/08/2019 1 06/08/2019 Journal article